| 000 | 00929nam a2200265 i 4500 | ||
|---|---|---|---|
| 001 | bg | ||
| 003 | BPK | ||
| 005 | 20221024152612.0 | ||
| 008 | 040519s1976 pl a f f |000 0 pol | ||
| 015 | _aPB 1976/5956 | ||
| 040 | _cBPK | ||
| 041 | 0 | _apol | |
| 080 | _a669.017 | ||
| 080 | _a(075.8) | ||
| 100 | 1 |
_aRudnik, Stanisław _d(1923-2004) _eAutor |
|
| 245 | 1 | 0 |
_aMetaloznawstwo : _bskrypt dla studentów wyższych szkół technicznych do przedmiotu Materiałoznawstwo _nCz. 1 / _cStanisław Rudnik. |
| 250 | _aWyd. 4. | ||
| 260 |
_aKraków : _bPolitechnika Krakowska, _c1976. |
||
| 300 |
_a236 s. : _bil. ; _c29 cm. |
||
| 655 | 4 | _aPodręczniki akademickie | |
| 650 | 4 | _aMetaloznawstwo | |
| 710 | 2 |
_aPolitechnika Krakowska im. Tadeusza Kościuszki _bWydawnictwo _4pbl. |
|
| 942 |
_2UKD _cKS |
||
| 856 |
_uhttp://koha.tu.koszalin.pl/cgi-bin/koha/opac-detail.pl?biblionumber=18208 _yKatalog online BPK |
||
| 999 |
_c18208 _d18208 |
||